[Event "Finale TOP12F"]
[Site "?"]
[Date "2018.06.24"]
[Round "2.2"]
[White "GUICHARD, Clichy"]
[Black "RICHARD, Mulhouse"]
[Result "1-0"]
[BlackElo "2132"]
[WhiteElo "2308"]
[LiveChessVersion "1.4.8"]

1. Nf3 {[%clk 1:23:00]} Nf6 {[%clk 1:30:53]} 2. c4 {[%clk 1:23:22]} e6
{[%clk 1:29:13]} 3. g3 {[%clk 1:23:26]} b6 {[%clk 1:23:44]} 4. Bg2
{[%clk 1:22:10]} Bb7 {[%clk 1:24:05]} 5. O-O {[%clk 1:22:11]} Be7
{[%clk 1:23:08]} 6. b3 {[%clk 1:21:02]} O-O {[%clk 1:22:54]} 7. Bb2
{[%clk 1:21:22]} c5 {[%clk 1:18:03]} 8. Qc2 {[%clk 1:05:21]} Nc6 {[%clk 0:57:08]}
9. Rd1 {[%clk 1:05:17]} d5 {[%clk 0:45:28]} 10. cxd5 {[%clk 1:04:59]} Nxd5
{[%clk 0:40:07]} 11. d4 {[%clk 0:53:46]} Bf6 {[%clk 0:18:23]} 12. Na3
{[%clk 0:40:22]} cxd4 {[%clk 0:11:36]} 13. Nxd4 {[%clk 0:40:27]} Nxd4
{[%clk 0:10:01]} 14. Bxd4 {[%clk 0:40:44]} Rc8 {[%clk 0:07:30]} 15. Qb2
{[%clk 0:38:41]} Bxd4 {[%clk 0:07:33]} 16. Rxd4 {[%clk 0:38:33]} Qe7
{[%clk 0:07:11]} 17. Nc4 {[%clk 0:37:51]} b5 {[%clk 0:05:40]} 18. Na5
{[%clk 0:33:43]} Ba8 {[%clk 0:05:58]} 19. b4 {[%clk 0:29:48]} Nb6
{[%clk 0:03:59]} 20. Bxa8 {[%clk 0:29:38]} Rxa8 {[%clk 0:04:13]} 21. Rad1
{[%clk 0:28:56]} Rac8 {[%clk 0:03:44]} 22. Qd2 {[%clk 0:27:16]} Nd5
{[%clk 0:01:53]} 23. Nb3 {[%clk 0:18:25]} Nc3 {[%clk 0:02:11]} 24. Rc1
{[%clk 0:17:31]} Nd5 {[%clk 0:00:41]} 25. Nc5 {[%clk 0:15:52]} a5
{[%clk 0:00:41]} 26. a3 {[%clk 0:16:17]} axb4 {[%clk 0:01:02]} 27. axb4
{[%clk 0:16:42]} Nb6 {[%clk 0:01:18]} 28. Qd3 {[%clk 0:16:31]} e5
{[%clk 0:00:33]} 29. Rh4 {[%clk 0:15:42]} g6 {[%clk 0:00:37]} 30. Qxb5
{[%clk 0:15:55]} Nd5 {[%clk 0:00:48]} 31. Rhc4 {[%clk 0:10:08]} Rb8
{[%clk 0:00:35]} 32. Qd7 {[%clk 0:10:23]} Rfd8 {[%clk 0:00:39]} 33. Qxe7
{[%clk 0:10:38]} Nxe7 {[%clk 0:01:06]} 34. Nd3 {[%clk 0:09:50]} f6
{[%clk 0:00:33]} 35. f3 {[%clk 0:10:00]} Nd5 {[%clk 0:00:32]} 36. Kf2
{[%clk 0:10:21]} Kf7 {[%clk 0:00:37]} 37. Ra1 {[%clk 0:08:36]} Rd7
{[%clk 0:00:36]} 38. Ra5 {[%clk 0:05:10]} Nb6 {[%clk 0:00:34]} 39. Rc6
{[%clk 0:02:29]} Nd5 {[%clk 0:00:32]} 40. Nc5 {[%clk 0:31:02]} Re7
{[%clk 0:30:46]} 41. Ne4 {[%clk 0:27:55]} Nxb4 {[%clk 0:24:55]} 42. Rxf6+
{[%clk 0:28:08]} Kg7 {[%clk 0:19:23]} 43. Rd6 {[%clk 0:28:18]} Rc8
{[%clk 0:16:33]} 44. h4 {[%clk 0:21:28]} Rc1 {[%clk 0:10:49]} 45. Ra8
{[%clk 0:16:21]} Rh1 {[%clk 0:04:15]} 46. Nf6 {[%clk 0:11:15]} Rh2+
{[%clk 0:02:14]} 47. Kg1 {[%clk 0:09:26]} Rxe2 {[%clk 0:02:11]} 48. Rg8+
{[%clk 0:09:39]} Kf7 {[%clk 0:01:28]} 49. Rh8 {[%clk 0:09:54]} Re6
{[%clk 0:01:31]} 50. Rd7+ {[%clk 0:10:06]} Re7 {[%clk 0:01:20]} 51. Rxh7+
{[%clk 0:10:15]} Kxf6 {[%clk 0:01:42]} 52. Rdxe7 {[%clk 0:10:02]} Re1+
{[%clk 0:01:58]} 53. Kg2 {[%clk 0:10:04]} g5 {[%clk 0:01:47]} 54. Rb7
{[%clk 0:08:05]} Kg6 {[%clk 0:00:44]} 55. h5+ {[%clk 0:08:28]} 1-0

[Event "Finale TOP12F"]
[Site "?"]
[Date "2018.06.24"]
[Round "2.3"]
[White "CHOISY, Mulhouse"]
[Black "AFRAOUI, Clichy"]
[Result "0-1"]
[BlackElo "2067"]
[WhiteElo "2150"]
[LiveChessVersion "1.4.8"]

1. e4 {[%clk 1:30:57]} c5 {[%clk 1:30:51]} 2. b3 {[%clk 1:31:10]} Nc6
{[%clk 1:29:10]} 3. Bb2 {[%clk 1:31:16]} d6 {[%clk 1:27:55]} 4. f4
{[%clk 1:31:07]} Nf6 {[%clk 1:24:46]} 5. Nc3 {[%clk 1:31:20]} g6 {[%clk 1:20:50]}
6. Nf3 {[%clk 1:24:22]} Bg7 {[%clk 1:20:41]} 7. Qe2 {[%clk 1:20:00]} Bg4
{[%clk 1:16:05]} 8. O-O-O {[%clk 1:08:26]} Nd4 {[%clk 1:05:42]} 9. Qe3
{[%clk 1:01:09]} O-O {[%clk 1:04:44]} 10. Be2 {[%clk 0:47:15]} Nxe2+
{[%clk 1:00:25]} 11. Qxe2 {[%clk 0:47:04]} a6 {[%clk 0:59:05]} 12. h3
{[%clk 0:46:22]} Bd7 {[%clk 0:59:03]} 13. g4 {[%clk 0:43:53]} b5 {[%clk 0:59:09]}
14. e5 {[%clk 0:29:44]} Ne8 {[%clk 0:55:58]} 15. Rhe1 {[%clk 0:26:49]} b4
{[%clk 0:52:00]} 16. Ne4 {[%clk 0:27:10]} Qa5 {[%clk 0:49:24]} 17. Kb1
{[%clk 0:27:36]} d5 {[%clk 0:47:26]} 18. Ng3 {[%clk 0:27:16]} c4 {[%clk 0:42:33]}
19. f5 {[%clk 0:27:31]} c3 {[%clk 0:40:25]} 20. dxc3 {[%clk 0:27:56]} bxc3
{[%clk 0:40:49]} 21. Bc1 {[%clk 0:28:23]} Nc7 {[%clk 0:40:59]} 22. Nd4
{[%clk 0:18:20]} Nb5 {[%clk 0:38:02]} 23. Rg1 {[%clk 0:18:06]} Qb4
{[%clk 0:26:25]} 24. Nf3 {[%clk 0:18:07]} a5 {[%clk 0:24:19]} 25. Nh5
{[%clk 0:15:46]} a4 {[%clk 0:22:19]} 26. Nxg7 {[%clk 0:11:14]} axb3
{[%clk 0:20:06]} 27. cxb3 {[%clk 0:07:38]} c2+ {[%clk 0:18:07]} 28. Qxc2
{[%clk 0:06:51]} Nc3+ {[%clk 0:17:53]} 29. Ka1 {[%clk 0:07:18]} Rxa2+
{[%clk 0:17:30]} 30. Qxa2 {[%clk 0:07:46]} Nxa2 {[%clk 0:17:48]} 31. Kxa2
{[%clk 0:07:09]} Ra8+ {[%clk 0:17:39]} 32. Kb2 {[%clk 0:07:36]} Qa3+
{[%clk 0:17:48]} 33. Kc2 {[%clk 0:07:26]} Qa2+ {[%clk 0:17:16]} 34. Kd3
{[%clk 0:06:59]} Qxb3+ {[%clk 0:16:12]} 35. Ke2 {[%clk 0:07:28]} Bb5+
{[%clk 0:15:51]} 36. Kf2 {[%clk 0:07:45]} Ra2+ {[%clk 0:16:04]} 37. Bd2
{[%clk 0:06:22]} Kxg7 {[%clk 0:15:22]} 38. Rge1 {[%clk 0:03:08]} Bd3
{[%clk 0:10:53]} 39. f6+ {[%clk 0:02:36]} exf6 {[%clk 0:10:30]} 40. exf6+
{[%clk 0:33:03]} Kxf6 {[%clk 0:39:54]} 41. Kg3 {[%clk 0:22:56]} Be4
{[%clk 0:38:39]} 42. Be3 {[%clk 0:20:29]} Kg7 {[%clk 0:37:00]} 43. g5
{[%clk 0:17:51]} Ra3 {[%clk 0:35:00]} 44. Kf2 {[%clk 0:15:08]} Qb8
{[%clk 0:24:52]} 45. Rd2 {[%clk 0:11:08]} Qc8 {[%clk 0:24:03]} 46. Kg3
{[%clk 0:06:43]} Bxf3 {[%clk 0:19:38]} 47. Kxf3 {[%clk 0:06:46]} Qxh3+
{[%clk 0:20:00]} 48. Kf2 {[%clk 0:06:32]} Qh4+ {[%clk 0:19:37]} 49. Kf1
{[%clk 0:05:40]} Qxe1+ {[%clk 0:18:47]} 0-1

[Event "Finale TOP12F"]
[Site "?"]
[Date "2018.06.24"]
[Round "2.4"]
[White "BONVALOT, Clichy"]
[Black "HAUSSERNOT, Mulhouse"]
[Result "0-1"]
[BlackElo "2178"]
[WhiteElo "1893"]
[LiveChessVersion "1.4.8"]

1. e4 {[%clk 1:30:58]} c5 {[%clk 1:30:57]} 2. c3 {[%clk 1:31:24]} d5
{[%clk 1:31:15]} 3. exd5 {[%clk 1:31:48]} Qxd5 {[%clk 1:31:40]} 4. d4
{[%clk 1:32:13]} Nc6 {[%clk 1:31:50]} 5. dxc5 {[%clk 1:30:16]} Qxd1+
{[%clk 1:30:44]} 6. Kxd1 {[%clk 1:30:29]} Bf5 {[%clk 1:30:54]} 7. Be3
{[%clk 1:30:35]} O-O-O+ {[%clk 1:30:27]} 8. Nd2 {[%clk 1:31:01]} Nf6
{[%clk 1:30:47]} 9. Bb5 {[%clk 1:29:26]} e5 {[%clk 1:30:12]} 10. b4
{[%clk 1:20:44]} Be7 {[%clk 1:25:05]} 11. Ngf3 {[%clk 1:09:00]} Ne4
{[%clk 1:07:58]} 12. Rc1 {[%clk 1:06:52]} Nxd2 {[%clk 0:51:51]} 13. Nxd2
{[%clk 1:05:30]} Bd3 {[%clk 0:49:58]} 14. Bxd3 {[%clk 1:02:58]} Rxd3
{[%clk 0:50:22]} 15. Ke2 {[%clk 1:03:18]} Rhd8 {[%clk 0:50:42]} 16. g4
{[%clk 1:00:14]} R8d5 {[%clk 0:49:38]} 17. Ne4 {[%clk 0:57:20]} h5
{[%clk 0:42:30]} 18. h3 {[%clk 0:55:00]} g6 {[%clk 0:40:48]} 19. g5
{[%clk 0:54:28]} Nd8 {[%clk 0:35:52]} 20. Rhd1 {[%clk 0:54:13]} Rxd1
{[%clk 0:36:17]} 21. Rxd1 {[%clk 0:54:38]} Rxd1 {[%clk 0:36:39]} 22. Kxd1
{[%clk 0:55:04]} Kd7 {[%clk 0:36:54]} 23. Ke2 {[%clk 0:54:55]} Ke6
{[%clk 0:36:13]} 24. Kd3 {[%clk 0:55:13]} h4 {[%clk 0:36:26]} 25. Kc4
{[%clk 0:53:49]} Nc6 {[%clk 0:36:36]} 26. b5 {[%clk 0:45:52]} Na5+
{[%clk 0:36:52]} 27. Kb4 {[%clk 0:46:13]} b6 {[%clk 0:37:17]} 28. Ka4
{[%clk 0:35:54]} Kd5 {[%clk 0:27:17]} 29. c6 {[%clk 0:34:11]} Bd8
{[%clk 0:27:37]} 30. Nd2 {[%clk 0:30:19]} Nc4 {[%clk 0:23:34]} 31. Nxc4
{[%clk 0:29:15]} Kxc4 {[%clk 0:24:02]} 32. f3 {[%clk 0:29:36]} Kxc3
{[%clk 0:22:31]} 33. Bf2 {[%clk 0:29:22]} Kd3 {[%clk 0:20:05]} 34. Kb3
{[%clk 0:24:35]} Ke2 {[%clk 0:20:14]} 35. Bxh4 {[%clk 0:24:35]} Kxf3
{[%clk 0:20:24]} 36. Kc4 {[%clk 0:24:32]} e4 {[%clk 0:20:35]} 37. Kd4
{[%clk 0:22:28]} Bc7 {[%clk 0:20:32]} 38. a4 {[%clk 0:16:15]} e3 {[%clk 0:20:06]}
39. Kd3 {[%clk 0:16:15]} e2 {[%clk 0:18:31]} 40. Be1 {[%clk 0:46:31]} Bf4
{[%clk 0:48:48]} 41. a5 {[%clk 0:42:51]} bxa5 {[%clk 0:48:26]} 42. Bxa5
{[%clk 0:43:13]} Kf2 {[%clk 0:48:45]} 43. b6 {[%clk 0:39:00]} axb6
{[%clk 0:49:04]} 44. Bxb6+ {[%clk 0:39:22]} Kf1 {[%clk 0:49:29]} 45. Ba5
{[%clk 0:39:39]} Bc7 {[%clk 0:49:25]} 46. Bc3 {[%clk 0:38:04]} e1=Q
{[%clk 0:49:47]} 47. Bxe1 {[%clk 0:38:21]} Kxe1 {[%clk 0:50:13]} 48. Ke3
{[%clk 0:38:44]} Bb6+ {[%clk 0:48:58]} 49. Kf3 {[%clk 0:38:58]} Kd2
{[%clk 0:49:22]} 50. Kg4 {[%clk 0:39:09]} Kd3 {[%clk 0:49:47]} 51. h4
{[%clk 0:39:33]} Ke4 {[%clk 0:50:03]} 52. h5 {[%clk 0:39:40]} Kd5
{[%clk 0:49:39]} 53. hxg6 {[%clk 0:28:24]} fxg6 {[%clk 0:50:04]} 54. Kf4
{[%clk 0:28:38]} Bc7+ {[%clk 0:50:09]} 55. Ke3 {[%clk 0:27:58]} Kxc6
{[%clk 0:50:21]} 56. Ke4 {[%clk 0:28:14]} Kc5 {[%clk 0:50:47]} 57. Ke5 Kd4+ 0-1

[Event "Finale TOP12F"]
[Site "?"]
[Date "2018.06.24"]
[Round "2.5"]
[White "SAVINA, Vandoeuvre"]
[Black "CORNETTE, CEMC"]
[Result "1/2-1/2"]
[BlackElo "2467"]
[WhiteElo "2343"]
[LiveChessVersion "1.4.8"]

1. d4 {[%clk 1:26:54]} Nf6 {[%clk 1:30:53]} 2. c4 {[%clk 1:27:16]} e6
{[%clk 1:31:10]} 3. Nf3 {[%clk 1:26:50]} d5 {[%clk 1:28:12]} 4. Nc3
{[%clk 1:25:54]} Bb4 {[%clk 1:28:29]} 5. cxd5 {[%clk 1:10:16]} exd5
{[%clk 1:28:51]} 6. Bf4 {[%clk 1:10:10]} Ne4 {[%clk 1:17:28]} 7. Rc1
{[%clk 1:04:35]} Nc6 {[%clk 1:12:49]} 8. h3 {[%clk 0:46:44]} Bf5 {[%clk 1:06:59]}
9. Qa4 {[%clk 0:40:49]} O-O {[%clk 0:56:46]} 10. e3 {[%clk 0:40:15]} a6
{[%clk 0:51:25]} 11. Be2 {[%clk 0:32:32]} Qe7 {[%clk 0:36:55]} 12. O-O
{[%clk 0:28:30]} Nxc3 {[%clk 0:36:25]} 13. bxc3 {[%clk 0:28:44]} Ba3
{[%clk 0:36:46]} 14. Rce1 {[%clk 0:26:40]} b5 {[%clk 0:34:50]} 15. Qd1
{[%clk 0:21:43]} Na5 {[%clk 0:28:04]} 16. Bd3 {[%clk 0:20:03]} Be4
{[%clk 0:27:29]} 17. Bxe4 {[%clk 0:14:39]} dxe4 {[%clk 0:27:36]} 18. Nd2
{[%clk 0:14:58]} Bd6 {[%clk 0:23:00]} 19. Bxd6 {[%clk 0:09:33]} cxd6
{[%clk 0:23:19]} 20. f3 {[%clk 0:09:53]} Rac8 {[%clk 0:13:52]} 21. Qa1
{[%clk 0:01:40]} f5 {[%clk 0:12:17]} 22. fxe4 {[%clk 0:01:36]} fxe4
{[%clk 0:12:42]} 23. a4 {[%clk 0:01:24]} Nc4 {[%clk 0:10:18]} 24. Nxc4
{[%clk 0:01:09]} bxc4 {[%clk 0:10:32]} 25. Qb1 {[%clk 0:00:50]} Rb8
{[%clk 0:06:28]} 26. Rxf8+ {[%clk 0:01:01]} Rxf8 {[%clk 0:06:51]} 27. Rf1
{[%clk 0:01:00]} Rxf1+ {[%clk 0:02:45]} 28. Kxf1 {[%clk 0:01:14]} 1/2-1/2

[Event "Finale TOP12F"]
[Site "?"]
[Date "2018.06.24"]
[Round "2.6"]
[White "SOCKO, CEMC"]
[Black "STEIL-ANTONI, Vandoeuvre"]
[Result "1-0"]
[BlackElo "2198"]
[WhiteElo "2458"]
[LiveChessVersion "1.4.8"]

1. d4 {[%clk 1:30:57]} d6 {[%clk 1:27:15]} 2. Nf3 {[%clk 1:30:03]} Nc6
{[%clk 1:27:10]} 3. c4 {[%clk 1:28:42]} e5 {[%clk 1:24:12]} 4. d5
{[%clk 1:27:48]} Nce7 {[%clk 1:24:16]} 5. e4 {[%clk 1:28:12]} f5 {[%clk 1:22:14]}
6. Nc3 {[%clk 1:27:11]} Nf6 {[%clk 1:21:52]} 7. Bd3 {[%clk 1:19:53]} g6
{[%clk 1:19:15]} 8. Ng5 {[%clk 1:17:32]} h6 {[%clk 1:15:04]} 9. Ne6
{[%clk 1:15:32]} Bxe6 {[%clk 1:15:17]} 10. dxe6 {[%clk 1:15:59]} c6
{[%clk 0:58:45]} 11. exf5 {[%clk 1:09:31]} gxf5 {[%clk 0:56:51]} 12. Qf3
{[%clk 1:08:03]} Qc8 {[%clk 0:48:09]} 13. Bxf5 {[%clk 1:05:17]} Nxf5
{[%clk 0:48:35]} 14. Qxf5 {[%clk 1:05:43]} Ke7 {[%clk 0:48:29]} 15. c5
{[%clk 1:02:05]} Qxe6 {[%clk 0:47:14]} 16. cxd6+ {[%clk 1:00:53]} Kf7
{[%clk 0:45:20]} 17. Qxe6+ {[%clk 0:51:44]} Kxe6 {[%clk 0:45:40]} 18. O-O
{[%clk 0:52:07]} Bxd6 {[%clk 0:45:39]} 19. f4 {[%clk 0:52:32]} exf4
{[%clk 0:37:42]} 20. Bxf4 {[%clk 0:52:56]} Bxf4 {[%clk 0:37:17]} 21. Rxf4
{[%clk 0:53:23]} Raf8 {[%clk 0:33:04]} 22. Raf1 {[%clk 0:48:05]} Nd7
{[%clk 0:20:29]} 23. Re4+ {[%clk 0:44:43]} Kd6 {[%clk 0:20:57]} 24. Rd1+
{[%clk 0:44:52]} Kc7 {[%clk 0:21:18]} 25. Re7 {[%clk 0:45:01]} Rd8
{[%clk 0:21:44]} 26. Ne4 {[%clk 0:44:35]} Rhe8 {[%clk 0:21:20]} 27. Rdxd7+
{[%clk 0:43:35]} 1-0

[Event "Finale TOP12F"]
[Site "?"]
[Date "2018.06.24"]
[Round "2.7"]
[White "PARTAC, Vandoeuvre"]
[Black "DORNBUSCH, CEMC"]
[Result "1/2-1/2"]
[BlackElo "2283"]
[WhiteElo "2072"]
[LiveChessVersion "1.4.8"]

1. e4 {[%clk 1:27:53]} Nf6 {[%clk 1:30:38]} 2. e5 {[%clk 1:27:38]} Nd5
{[%clk 1:31:04]} 3. d4 {[%clk 1:28:01]} d6 {[%clk 1:31:25]} 4. Nf3
{[%clk 1:28:20]} Bg4 {[%clk 1:28:23]} 5. Be2 {[%clk 1:28:14]} e6 {[%clk 1:27:20]}
6. O-O {[%clk 1:24:51]} Be7 {[%clk 1:21:23]} 7. c4 {[%clk 1:23:49]} Nb6
{[%clk 1:21:39]} 8. exd6 {[%clk 1:23:50]} cxd6 {[%clk 1:21:27]} 9. Be3
{[%clk 1:24:11]} O-O {[%clk 1:20:40]} 10. Nbd2 {[%clk 1:22:01]} Nc6
{[%clk 1:18:46]} 11. Rc1 {[%clk 1:15:05]} Bf5 {[%clk 1:02:18]} 12. a3
{[%clk 1:08:40]} a5 {[%clk 0:57:13]} 13. b3 {[%clk 1:03:34]} d5 {[%clk 0:51:34]}
14. c5 {[%clk 1:03:29]} Nd7 {[%clk 0:51:57]} 15. Nb1 {[%clk 1:02:06]} b6
{[%clk 0:30:21]} 16. Bb5 {[%clk 0:56:08]} Ndb8 {[%clk 0:23:58]} 17. Nc3
{[%clk 0:31:00]} bxc5 {[%clk 0:23:04]} 18. dxc5 {[%clk 0:31:20]} Bf6
{[%clk 0:18:59]} 19. Nd4 {[%clk 0:13:30]} Bxd4 {[%clk 0:17:10]} 20. Bxd4
{[%clk 0:13:49]} e5 {[%clk 0:17:26]} 21. Bxe5 {[%clk 0:12:50]} Nxe5
{[%clk 0:17:35]} 22. Qxd5 {[%clk 0:12:57]} Qxd5 {[%clk 0:15:16]} 23. Nxd5
{[%clk 0:13:19]} Nec6 {[%clk 0:14:53]} 24. b4 {[%clk 0:10:27]} axb4
{[%clk 0:12:51]} 25. axb4 {[%clk 0:10:32]} Nd4 {[%clk 0:04:36]} 26. Bc4
{[%clk 0:08:12]} Be6 {[%clk 0:02:55]} 27. Rfd1 {[%clk 0:04:19]} Bxd5
{[%clk 0:02:59]} 28. Bxd5 {[%clk 0:04:10]} Ne2+ {[%clk 0:02:33]} 29. Kf1
{[%clk 0:04:34]} Nxc1 {[%clk 0:02:54]} 30. Bxa8 {[%clk 0:04:56]} Na2
{[%clk 0:02:51]} 31. Bb7 {[%clk 0:00:42]} Nxb4 {[%clk 0:03:01]} 32. Rd6
{[%clk 0:00:39]} g6 {[%clk 0:02:23]} 33. Rb6 {[%clk 0:00:44]} Nd3
{[%clk 0:01:01]} 34. c6 {[%clk 0:01:09]} Re8 {[%clk 0:01:07]} 35. g3
{[%clk 0:00:40]} Re1+ {[%clk 0:00:57]} 36. Kg2 {[%clk 0:01:05]} Rc1
{[%clk 0:00:56]} 37. Ba8 {[%clk 0:01:00]} Nxc6 {[%clk 0:01:06]} 38. Rxc6
{[%clk 0:00:55]} Rxc6 {[%clk 0:00:42]} 1/2-1/2

[Event "Finale TOP12F"]
[Site "?"]
[Date "2018.06.24"]
[Round "2.8"]
[White "LOMANDONG, CEMC"]
[Black "DE TALANCE, Vandoeuvre"]
[Result "1-0"]
[BlackElo "1712"]
[WhiteElo "2052"]
[LiveChessVersion "1.4.8"]

1. g3 {[%clk 1:30:57]} d5 {[%clk 1:24:50]} 2. Bg2 {[%clk 1:31:17]} Nf6
{[%clk 1:23:45]} 3. d3 {[%clk 1:31:09]} e5 {[%clk 1:23:13]} 4. Nd2
{[%clk 1:30:26]} Be6 {[%clk 1:22:04]} 5. Ngf3 {[%clk 1:27:19]} Nbd7
{[%clk 1:20:32]} 6. c4 {[%clk 1:17:35]} c6 {[%clk 1:09:41]} 7. O-O
{[%clk 1:13:12]} Be7 {[%clk 1:08:58]} 8. b3 {[%clk 1:11:35]} O-O {[%clk 1:09:07]}
9. Bb2 {[%clk 1:12:00]} Bd6 {[%clk 1:07:58]} 10. Qc2 {[%clk 1:07:56]} Rc8
{[%clk 1:06:34]} 11. Rfe1 {[%clk 1:04:57]} Re8 {[%clk 1:06:06]} 12. Rad1
{[%clk 1:02:31]} h6 {[%clk 1:05:04]} 13. Nh4 {[%clk 0:57:17]} Qb6
{[%clk 0:52:36]} 14. e3 {[%clk 0:54:14]} Bc5 {[%clk 0:45:51]} 15. Nf1
{[%clk 0:38:28]} d4 {[%clk 0:34:28]} 16. e4 {[%clk 0:34:31]} Bf8 {[%clk 0:23:59]}
17. h3 {[%clk 0:33:44]} Nc5 {[%clk 0:23:07]} 18. Kh1 {[%clk 0:28:28]} a5
{[%clk 0:20:43]} 19. f4 {[%clk 0:27:56]} Bd6 {[%clk 0:17:52]} 20. fxe5
{[%clk 0:26:00]} Bxe5 {[%clk 0:17:54]} 21. Nf3 {[%clk 0:26:20]} Ncd7
{[%clk 0:14:59]} 22. Nxe5 {[%clk 0:09:39]} Nxe5 {[%clk 0:13:52]} 23. c5
{[%clk 0:08:26]} Qd8 {[%clk 0:13:18]} 24. Qf2 {[%clk 0:08:43]} Qd7
{[%clk 0:09:04]} 25. Qxd4 {[%clk 0:06:55]} Bxh3 {[%clk 0:09:02]} 26. Qxd7
{[%clk 0:07:20]} Bxg2+ {[%clk 0:07:40]} 27. Kxg2 {[%clk 0:07:47]} Nexd7
{[%clk 0:07:51]} 28. Bd4 {[%clk 0:06:52]} Rcd8 {[%clk 0:07:57]} 29. Bg1
{[%clk 0:04:51]} Re5 {[%clk 0:05:16]} 30. Kf3 {[%clk 0:04:25]} Rde8
{[%clk 0:03:33]} 31. Rc1 {[%clk 0:04:04]} Nb8 {[%clk 0:03:26]} 32. Ne3
{[%clk 0:03:51]} Rd8 {[%clk 0:03:16]} 33. Red1 {[%clk 0:03:48]} Na6
{[%clk 0:01:05]} 34. Nc4 {[%clk 0:04:03]} Rg5 {[%clk 0:01:10]} 35. Be3
{[%clk 0:04:02]} Rh5 {[%clk 0:00:58]} 36. g4 {[%clk 0:02:18]} Rh2
{[%clk 0:01:07]} 37. Bf2 {[%clk 0:02:33]} Nb4 {[%clk 0:01:06]} 38. Kg3
{[%clk 0:02:30]} Rxf2 {[%clk 0:00:51]} 39. Kxf2 {[%clk 0:02:55]} Rxd3
{[%clk 0:00:49]} 40. Ke2 {[%clk 0:30:53]} Rh3 {[%clk 0:31:00]} 41. Rh1
{[%clk 0:28:50]} Rg3 {[%clk 0:31:15]} 42. Ne3 {[%clk 0:25:05]} Nxe4
{[%clk 0:30:02]} 43. Rc4 {[%clk 0:25:05]} Ng5 {[%clk 0:30:12]} 44. a3
{[%clk 0:20:49]} Na6 {[%clk 0:29:18]} 45. Rd1 {[%clk 0:19:40]} Ne6
{[%clk 0:26:53]} 46. b4 {[%clk 0:18:37]} axb4 {[%clk 0:27:08]} 47. axb4
{[%clk 0:19:05]} Rh3 {[%clk 0:22:10]} 48. Kf2 {[%clk 0:15:56]} Rh2+
{[%clk 0:22:14]} 49. Ng2 {[%clk 0:16:15]} Rh3 {[%clk 0:22:04]} 50. Nf4
{[%clk 0:16:07]} Rb3 {[%clk 0:20:36]} 51. Nxe6 {[%clk 0:12:51]} fxe6
{[%clk 0:21:00]} 52. Rdd4 {[%clk 0:12:33]} Kf8 {[%clk 0:19:41]} 53. Rd8+
{[%clk 0:10:26]} Ke7 {[%clk 0:18:33]} 54. Rdd4 {[%clk 0:09:20]} Nc7
{[%clk 0:16:48]} 55. Ke2 {[%clk 0:08:42]} Nd5 {[%clk 0:16:09]} 56. Kd2
{[%clk 0:08:28]} Rb2+ {[%clk 0:14:04]} 57. Kc1 {[%clk 0:07:51]} Rg2
{[%clk 0:14:18]} 58. Re4 {[%clk 0:07:03]} Nf6 {[%clk 0:13:47]} 59. Rf4
{[%clk 0:07:17]} e5 {[%clk 0:12:26]} 60. Rf3 {[%clk 0:07:01]} Nxg4
{[%clk 0:11:17]} 61. b5 {[%clk 0:07:07]} Nf6 {[%clk 0:08:19]} 62. b6
{[%clk 0:06:45]} e4 {[%clk 0:07:42]} 63. Re3 {[%clk 0:06:59]} Rg5
{[%clk 0:07:51]} 64. Rec3 {[%clk 0:04:05]} Rd5 {[%clk 0:07:30]} 65. Ra4
{[%clk 0:04:19]} g5 {[%clk 0:06:34]} 66. Ra8 {[%clk 0:03:29]} h5 {[%clk 0:05:25]}
67. Rb8 {[%clk 0:03:06]} Rd7 {[%clk 0:05:40]} 68. Rc2 {[%clk 0:02:10]} Ke6
{[%clk 0:03:28]} 69. Rd2 {[%clk 0:02:11]} Rf7 {[%clk 0:01:23]} 70. Rh8
{[%clk 0:01:45]} g4 {[%clk 0:01:17]} 71. Rf2 {[%clk 0:01:41]} g3 {[%clk 0:01:14]}
72. Rg2 {[%clk 0:01:10]} Rg7 {[%clk 0:01:26]} 73. Kd2 {[%clk 0:01:01]} Kd5
{[%clk 0:01:33]} 74. Rh6 {[%clk 0:01:10]} Ke5 {[%clk 0:01:24]} 75. Ke2
{[%clk 0:01:39]} Rg5 {[%clk 0:01:13]} 76. Rh8 {[%clk 0:01:48]} Kd5
{[%clk 0:00:51]} 77. Rf8 {[%clk 0:01:36]} Ke6 {[%clk 0:00:45]} 78. Rh8
{[%clk 0:01:30]} Rxc5 {[%clk 0:00:42]} 79. Rxg3 {[%clk 0:01:42]} Rb5
{[%clk 0:00:35]} 80. Rg7 {[%clk 0:00:35]} Rxb6 {[%clk 0:00:38]} 81. Rh6
{[%clk 0:00:50]} Ke5 {[%clk 0:00:48]} 82. Rg5+ {[%clk 0:01:01]} Kf4
{[%clk 0:00:52]} 83. Rg7 {[%clk 0:01:03]} Nd5 {[%clk 0:00:53]} 84. Rxh5
{[%clk 0:01:04]} Rb2+ {[%clk 0:00:55]} 85. Ke1 {[%clk 0:01:17]} e3
{[%clk 0:00:59]} 86. Rh4+ {[%clk 0:01:12]} Ke5 {[%clk 0:01:19]} 87. Rg5+
{[%clk 0:00:57]} Kd6 {[%clk 0:01:38]} 88. Rc4 {[%clk 0:00:41]} Kc7
{[%clk 0:00:35]} 89. Rxd5 {[%clk 0:01:05]} Kb6 {[%clk 0:00:55]} 90. Re5
{[%clk 0:01:31]} 1-0